000 00320cam a22001217a 4500
008 180718b1972 xxu||||| |||| 00| 0 eng d
082 _aA99 G346
100 _aSri Aurobindo
245 _aOn himself
_cby Sri Aurobindo
260 _aPondicherry
_bSri Aurobindo Ashram
_c1972
300 _a513p.
650 _aGhose, Aurobindo
999 _c376465
_d376465